Países de Europa Latina - Estadísticas

Estadísticas generales
  • Esta prueba ha sido intentada 95 veces
  • La puntuación promedio es 11 de 13
Estadísticas de respuestas
País % Correcto
España
100%
Italia
95%
Francia
93%
Portugal
91%
Andorra
90%
Ciudad del Vaticano
88%
San Marino
84%
Mónaco
80%
Bélgica
77%
Rumania
74%
Suiza
74%
Luxemburgo
67%
Moldavia
48%
No se encontraron pruebas coincidentes
Distribución de puntuación
Porcentaje de gente con cada puntuación
Porcentaje por número respondido
Historial de tus puntuaciones
No has intentado esta prueba.